Public policy and marketing thought : (Record no. 28847)
[ view plain ]
| 000 -LEADER | |
|---|---|
| fixed length control field | 01514cam a2200385 i 4500 |
| 001 - CONTROL NUMBER | |
| control field | 106345 |
| 003 - CONTROL NUMBER IDENTIFIER | |
| control field | EG-ScBUE |
| 005 - DATE AND TIME OF LATEST TRANSACTION | |
| control field | 20200927122331.0 |
| 008 - FIXED-LENGTH DATA ELEMENTS--GENERAL INFORMATION | |
| fixed length control field | 801223t1975 ilu f b 10000 eng d |
| 020 ## - INTERNATIONAL STANDARD BOOK NUMBER | |
| International Standard Book Number | 0087750736 |
| 035 ## - SYSTEM CONTROL NUMBER | |
| System control number | (OCoLC)ocn687342376 |
| 035 ## - SYSTEM CONTROL NUMBER | |
| System control number | (CStRLIN)CTYG2590534-B |
| 035 ## - SYSTEM CONTROL NUMBER | |
| System control number | 106345 |
| 040 ## - CATALOGING SOURCE | |
| Original cataloging agency | FBoU |
| Language of cataloging | eng |
| Description conventions | rda |
| Transcribing agency | FBoU |
| Modifying agency | CtY |
| -- | EG-ScBUE |
| 082 ## - DEWEY DECIMAL CLASSIFICATION NUMBER | |
| Classification number | 381 |
| Item number | PUB |
| Edition number | 22 |
| 245 00 - TITLE STATEMENT | |
| Title | Public policy and marketing thought : |
| Remainder of title | proceedings from the ninth Paul D. Converse Symposium / |
| Statement of responsibility, etc | edited by Alan R. Andreasen, University of Illinois and Seymour Sudman, University of Illinois. |
| 264 #1 - PUBLICATION, DISTRIBUTION, ETC. (IMPRINT) | |
| Place of publication, distribution, etc | Chicago : |
| Name of publisher, distributor, etc | American Marketing Association, |
| Date of publication, distribution, etc | [1976] |
| 264 #4 - PUBLICATION, DISTRIBUTION, ETC. (IMPRINT) | |
| Date of publication, distribution, etc | c1976 |
| 300 ## - PHYSICAL DESCRIPTION | |
| Extent | ix, 161 pages ; |
| Dimensions | 23 cm |
| 336 ## - CONTENT TYPE | |
| Source | rdacontent |
| Content type term | text |
| Content type code | txt |
| 337 ## - MEDIA TYPE | |
| Source | rdamedia |
| Media type term | unmediated |
| Media type code | n |
| 338 ## - CARRIER TYPE | |
| Source | rdacarrier |
| Carrier type term | volume |
| Carrier type code | nc |
| 500 ## - GENERAL NOTE | |
| General note | "The papers in this volume were presented at the ninth Paul D. Converse Symposium held at the University of Illinois, May 16-17, 1975." |
| 504 ## - BIBLIOGRAPHY, ETC. NOTE | |
| Bibliography, etc | Includes bibliographical references. |
| 650 #7 - SUBJECT ADDED ENTRY--TOPICAL TERM | |
| Topical term or geographic name as entry element | Marketing |
| Form subdivision | Congresses. |
| Source of heading or term | BUEsh |
| 650 #7 - SUBJECT ADDED ENTRY--TOPICAL TERM | |
| Topical term or geographic name as entry element | Marketing |
| General subdivision | Social aspects |
| Form subdivision | Congresses. |
| Source of heading or term | BUEsh |
| 650 #7 - SUBJECT ADDED ENTRY--TOPICAL TERM | |
| Topical term or geographic name as entry element | Diffusion of innovations |
| Form subdivision | Congresses. |
| Source of heading or term | BUEsh |
| 653 ## - INDEX TERM--UNCONTROLLED | |
| Resource For college | Generalities |
| Arrived date list | September2020 |
| 655 ## - INDEX TERM--GENRE/FORM | |
| Form subdivision | Reading book |
| 9 (RLIN) | 34232 |
| 700 1# - ADDED ENTRY--PERSONAL NAME | |
| Personal name | Andreasen, Alan R., |
| Dates associated with a name | 1934- |
| Relator term | editor. |
| 9 (RLIN) | 32696 |
| 700 1# - ADDED ENTRY--PERSONAL NAME | |
| Personal name | Sudman, Seymour, |
| Relator term | editor. |
| 711 2# - ADDED ENTRY--MEETING NAME | |
| Meeting name or jurisdiction name as entry element | Paul D. Converse Symposium |
| Number of part/section/meeting | (9th : |
| Date of meeting | 1975 : |
| Location of meeting | University of Illinois). |
| 942 ## - ADDED ENTRY ELEMENTS (KOHA) | |
| Source of classification or shelving scheme | Dewey Decimal Classification |
| Koha item type | Book - Borrowing |
| 948 ## - LOCAL PROCESSING INFORMATION (OCLC); SERIES PART DESIGNATOR (RLIN) | |
| Series part designator, SPT (RLIN) | OCLC |
| Withdrawn status | Lost status | Source of classification or shelving scheme | Damaged status | Not for loan | Collection code | Home library | Current library | Shelving location | Date acquired | Source of acquisition | Total Checkouts | Full call number | Barcode | Date last seen | Price effective from | Koha item type |
|---|---|---|---|---|---|---|---|---|---|---|---|---|---|---|---|---|
| Dewey Decimal Classification | Baccah | Central Library | Central Library | First floor | 27/09/2020 | Purchase | 381 PUB | 000049855 | 15/07/2025 | 27/09/2020 | Book - Borrowing |